000 00600nam a22002177a 4500
003 UA-OsUOA
001 37032
007 ta
008 20060222b un ||||| |||| 00| 0 ukr d
100 _aВолкова М.
090 _a82
_bВ11
942 _cSA
040 _aUA-OsUOA
_brus
_cUA-OsUOA
_dUA-OsUOA
245 _aПесенное слово Сергея Есенина
300 _aС.9
955 _a0
041 _arus
080 _a82
773 0 _w37029
_tЗарубіжна література
_dК.
_d2006
_g7
650 7 _a82 Література. Літературознавство
_2UDC
999 _c323256
_d323256